| 000 | 00405nam a2200157 a 4500 | ||
|---|---|---|---|
| 001 | 1301 | ||
| 003 | CDMR | ||
| 005 | 20130226182930.0 | ||
| 008 | 130130s1996||||||||||||||||||||||||||||d | ||
| 040 |
_aCDMR _bcat _cCDMR |
||
| 111 | 2 |
_aFotomercè _91015 |
|
| 245 | 1 | 0 | _aFotoMercè 96 |
| 260 |
_aBarcelona _c1996 _bAjuntament de Barcelona. Institut de Cultura |
||
| 500 | _aCatàleg d'exposició | ||
| 942 |
_cMON _2ddc |
||
| 999 |
_c1301 _d1301 |
||